The Seals & The Curragh (Record no. 1235466)

MARC details
000 -LEADER
fixed length control field 00487nam a2200193Ia 4500
008 - FIXED-LENGTH DATA ELEMENTS--GENERAL INFORMATION
fixed length control field 151121s9999||||xx |||||||||||||| ||und||
082 ## - DEWEY DECIMAL CLASSIFICATION NUMBER
Classification number 636।97/Loc
082 ## - DEWEY DECIMAL CLASSIFICATION NUMBER
Item number HNW-50982
100 ## - MAIN ENTRY--PERSONAL NAME
Personal name Lockley R।M।
245 #4 - TITLE STATEMENT
Title The Seals & The Curragh
260 ## - PUBLICATION, DISTRIBUTION, ETC. (IMPRINT)
Name of publisher, distributor, etc The Scientific Book Club
260 ## - PUBLICATION, DISTRIBUTION, ETC. (IMPRINT)
Date of publication, distribution, etc --
300 ## - PHYSICAL DESCRIPTION
Extent 143
600 ## - SUBJECT ADDED ENTRY--PERSONAL NAME
Personal name Lockley R।M।
630 ## - SUBJECT ADDED ENTRY--UNIFORM TITLE
Uniform title The Seals & The Curragh
700 ## - ADDED ENTRY--PERSONAL NAME
Personal name Lockley R।M।
730 ## - ADDED ENTRY--UNIFORM TITLE
Uniform title The Seals & The Curragh
942 ## - ADDED ENTRY ELEMENTS (KOHA)
Koha item type Book
Holdings
Withdrawn status Lost status Damaged status Not for loan Home library Current library Date acquired Cost, normal purchase price Total Checkouts Full call number Barcode Date last seen Cost, replacement price Price effective from Koha item type
        Hirachand Nemchand Wachanalaya, Solapur Hirachand Nemchand Wachanalaya, Solapur 11/21/2015 0.00   HNW-50982 HNW-50982 11/21/2015 0.00 11/21/2015 Book